000 00732nam a2200229 i 4500
001 bgj
100 1 _aGUDE, Kathy.
245 1 0 _aNew Matura Matrix :
_bupper-intermediate : plus : student's book /
_cKathy Gude [et al.].
260 _aOxford :
_bOxford University Press,
_c2004.
300 _a149 pp :
_bill. ;
_c28 cm.
650 9 _aEnglish language
_xSecondary schools
_xUpper-Intermediate
_xNew |Matura
655 _aTextbooks for foreigners
700 1 _aWILDMAN, Jayne.
_eco-author
700 1 _aGRYCA, Danuta.
_eco-author
700 1 _aCZARNECKA-CICHA, Barbara.
_econs.
020 _a0194386408
040 _cBPK
041 0 _aeng
920 _a0-19-438640-8
942 _cKS
008 s uk f |000 0 eng
999 _c48993
_d48993